| Поле | Название | Значение |
| |
Тип записи |
a |
| |
Библиографический уровень |
m |
| 001 |
Контрольный номер |
RU/SLIB/B/208728914 |
| 005 |
Дата корректировки |
20260127092128.8 |
| 010 |
Индекс ISBN |
__ |
| d |
Цена |
5000-00 |
| 100 |
Данные общей обработки |
__ |
| a |
Данные общей обработки |
20260126d1994 dm y0rusy028902 ca |
| 101 |
Язык документа |
1_ |
| a |
Язык текста |
rus |
| c |
Язык оригинала |
eng |
| 102 |
Страна публикации |
__ |
| a |
Страна публикации |
RU |
| 105 |
Кодированные данные (монография) |
__ |
| a |
Кодированные данные (монография) |
y z 000yy |
| 181 |
Поле кодированных данных: вид содержания |
_0 |
| a |
Код вида содержания (ISBD) |
i |
| 182 |
Поле кодированных данных: тип средства |
_0 |
| a |
Код типа средства (ISBD) |
n |
| 200 |
Заглавие и сведения об ответственности |
1_ |
| a |
Заглавие |
900 дней. Блокада Ленинграда |
| f |
Первые сведения об ответственности |
Солсбери Г. ; перевод с английского И. Вольской ; предисловие А. Адамовича |
| 203 |
Вид содержания и тип средства |
__ |
| a |
Вид содержания |
Текст |
| c |
Тип средства |
непосредственный |
| 210 |
Выходные данные |
1_ |
| a |
Место издания |
СПб. |
| c |
Издательство |
Прогресс-Литера |
| d |
Дата издания |
1994 |
| 215 |
Физическое описание |
__ |
| a |
Объем |
608 с. |
| 330 |
Аннотация |
__ |
| a |
Аннотация |
Известный американский журналист Гаррисон Солсбери (1908-1993) создал яркий и пронзительный образ Ленинградской блокады – от повседневной жизни обычных горожан до оценки высшего военно-политического руководства СССР. Автор дает правдивое описание обстановки в осажденном городе. На страницах этой книги подвиг ленинградцев предстает настоящим триумфом человеческого духа. |
| 517 |
Другие варианты заглавия |
1_ |
| a |
Другие варианты заглавия |
Блокада Ленинграда |
| 532 |
Расширенное заглавие |
10 |
| a |
Расширенное заглавие |
Девятьсот дней. Блокада Ленинграда |
| 606 |
Тематические рубрики |
__ |
| a |
Основная рубрика |
История |
| z |
Хронологическая подрубрика |
1941 г.; 1942 г.; 20 в. |
| y |
Географическая подрубрика |
Ленинград; Россия |
| y |
Географическая подрубрика |
СССР |
| y |
Географическая подрубрика |
Союз Советских Социалистических Республик |
| 2 |
Код системы |
nlr_sh |
| 606 |
Тематические рубрики |
__ |
| a |
Основная рубрика |
История России и СССР (октябрь 1917 - 1991 г.) |
| 2 |
Код системы |
nlr_sh |
| 610 |
Ключевые слова |
0_ |
| a |
Ключевые слова |
блокада Ленинграда; войны; ВОВ; Великая Отечественная война |
| 610 |
Ключевые слова |
0_ |
| a |
Ключевые слова |
блокадные дневники |
| 610 |
Ключевые слова |
0_ |
| a |
Ключевые слова |
ленинградцы |
| 610 |
Ключевые слова |
0_ |
| a |
Ключевые слова |
блокада городов |
| 610 |
Ключевые слова |
0_ |
| a |
Ключевые слова |
архивные материалы |
| 610 |
Ключевые слова |
0_ |
| a |
Ключевые слова |
документальная литература |
| 610 |
Ключевые слова |
0_ |
| a |
Ключевые слова |
исторические исследования |
| 610 |
Ключевые слова |
0_ |
| a |
Ключевые слова |
зарубежная публицистика |
| 610 |
Ключевые слова |
0_ |
| a |
Ключевые слова |
подвиги |
| 686 |
Индексы других классификаций |
__ |
| a |
Классификационный индекс |
63.3(2)622,82; ст63.3(2)622,82 |
| 2 |
Код системы |
rubbks |
| 700 |
Автор |
_1 |
| a |
Фамилия |
Солсбери |
| b |
Имя |
Г. |
| 4 |
Код отношения |
070 |
| f |
Даты |
1908-1993 |
| g |
Полное личное имя |
Гаррисон |
| 702 |
Вторичная интеллектуальная ответственность |
_1 |
| a |
Фамилия |
Вольская |
| b |
Имя |
И. С. |
| 4 |
Код отношения |
730 |
| 702 |
Вторичная интеллектуальная ответственность |
_1 |
| a |
Фамилия |
Адамович |
| b |
Имя |
А. М. |
| 4 |
Код отношения |
080 |
| f |
Даты |
1927-1994 |
| g |
Полное личное имя |
Александр Михайлович |
| 801 |
Источник записи |
_0 |
| a |
Страна |
RU |
| b |
Организация |
Муниципальное бюджетное учреждение культуры "Централизованная библиотечная система" г. Сургут (Центральная городская библиотека им. А. С. Пушкина) |
| g |
Правила каталогизации |
PSBO |
| 801 |
Источник записи |
_1 |
| a |
Страна |
RU |
| b |
Организация |
Муниципальное бюджетное учреждение культуры "Централизованная библиотечная система" г. Сургут (Центральная городская библиотека им. А. С. Пушкина) |
| g |
Правила каталогизации |
PSBO |
| 852 |
Данные о местонахождении |
__ |
| j |
Шифр хранения |
63.3(2)622,82 |
| c |
Каталожный индекс |
63.3(2)622.72 |
| i |
Авторский знак |
С 60 |
| p |
Инвентарный номер |
49953 |
| 901 |
Тип документа |
__ |
| t |
Тип документа |
m |
| a |
Ответственный |
КиК/Елгина |
| 901 |
Тип документа |
__ |
| a |
Ответственный |
СКБР2026 |
| 903 |
Характеристики (МАРС) |
__ |
| a |
Дата передачи |
20260126 |
| c |
Наименование библиотеки (МАРС) |
Муниципальное бюджетное учреждение культуры "Централизованная библиотечная система" г. Сургут (Центральная городская библиотека им. А. С. Пушкина) |
| 990 |
Данные о заказе (DOS) |
__ |
| j |
Количество экземпляров (DOS) |
4 |